000 01043nam a22003377a 4500
003 CHAP
005 20220329141619.0
008 971013c19781971 r 00010 d
010 _a71030
011 _a72002
035 _a81556
040 _cCHAP
082 _a325.2
_bG3
100 0 0 _aGalarza, Ernesto.
_944199
245 _aTraspasando fronteras
260 _aMéxico, D.F. :
_bSecretaría de Educación Pública,
_c1978 (c1971)
300 _a249 p.
490 _aSEP/Setentas. Serie frontera
590 _aBATCH-UPD
_b10
_c20130110
_lUCH01
_h0408
590 _aBATCH-UPD
_b10
_c20130110
_lUCH01
_h1942
590 _aBATCH-UPD
_b10
_c20130410
_lUCH01
_h0042
590 _aBATCH-UPD
_b10
_c20130914
_lUCH01
_h0823
590 _aCONVERSION
_b10
_c20130109
_lUCH01
_h1339
650 1 4 _aCambio social.
_917787
650 1 4 _aEmigración e inmigración.
_936517
650 1 4 _aInmigrantes.
_958813
830 0 _aSEP/Setentas. Serie frontera
_9104454
901 _aBK
942 _cLIBRO
949 _a325.2 G3
_bBC
_cLIBRO
_d-34995
_eLIBRO
_i81556
_si
999 _c71030
_d71030